The Seven Sons of Feanor - Statistics

General Stats
  • This quiz has been taken 27 times
  • The average score is 6 of 7
Answer Stats
Hint Son % Correct
The Crafty Curufin
100%
The Tall Maedhros
100%
Twin Amrod
95%
The Dark Caranthir
90%
The Minstrel Maglor
90%
Twin Amras
85%
The Fair Celegorm
85%
No matching quizzes found
Score Distribution
Percent of People with Each Score
Percentile by Number Answered
Your Score History
You have not taken this quiz